| 000 | 00402nam a2200169Ia 4500 | ||
|---|---|---|---|
| 100 | _aRao/Ganesh D/ Gejji/Vineeta P | ||
| 650 | _aSignal Processing | ||
| 250 | _a2 | ||
| 942 | _cBK | ||
| 366 | _f25 | ||
| 245 | _aDigital Signal Processing:Theory and Lab practice | ||
| 260 |
_bPearson Education _c2008 |
||
| 082 |
_a621.3822 _bRAO |
||
| 300 | _a551 | ||
| 546 |
_aENGLISH _cPAMPHALETS |
||
| 999 |
_c29254 _d29254 |
||